| 000 | 00719nam a2200217 a 4500 | ||
|---|---|---|---|
| 001 | BRCA_873 | ||
| 005 | 20190320203204.0 | ||
| 008 | 920403s1991 mx-a---###---#000-0#spa-d | ||
| 020 | _a9688590541 | ||
| 041 | _aspa | ||
| 044 | _amx | ||
| 050 | 4 |
_aHD9536.M4 _b.R49 1991 |
|
| 100 | 1 |
_aReyes, Aurelio de los _92910 |
|
| 245 | 1 | 0 |
_aLos caminos de la plata _bfotografías del autor _cAurelio de los Reyes. |
| 260 |
_aMéxico _bUniversidad Iberoamericana _c1991 |
||
| 300 |
_a143 p. _bil. (algunas a color), mapas _c23 cm. |
||
| 650 | 1 | 4 |
_aCarreteras _xTrabajos Ilustrados _zMéxico _92911 |
| 651 | 4 |
_aZacatecas _xDescripción y viajes _zMéxico _92912 |
|
| 651 | 4 |
_aZacatecas _xTrabajos Ilustrados _zMéxico _92913 |
|
| 942 |
_2lcc _cB |
||
| 999 |
_c768 _d768 |
||